Текст томруулах:    
The Management of library and information studies education (Бичлэгийн дугаар. 146054)
000 -УДИРДЛАГА
Удирдлага 00998nam a22003257a 4500
003 - ХЯНАЛТЫН ТОО ТОДОРХОЙЛОГЧ
Код MN-UlNUM
005 - БИЧИЛТ ХИЙСЭН ОГНОО
Тухайн бичилтийг бичсэн засварласан сүүлийн огноо 20260102155909.0
008 - ЕРӨНХИЙ МЭДЭЭЛЭЛ
Ерөнхий мэдээлэл 260102s1992 nyuab||| |||| 001 0 eng |
020 ## - ISBN
ISBN 1560242523
040 ## - БИЧЛЭГ ҮҮСГЭГЧ БАЙГУУЛЛАГА
Бичлэг үүсгэгч номын сангийн код МУИС-ийн номын сан
084 ## - ББК АНГИЛАЛ
Нэмэлт тусгалт Номзүйн гарын авлага, лавлах хэвлэл
ББК ангилал 78.3
Зохиогчийн гурван тэмдэгт M 24
Мэдлэгийн ялгаа 9 - Лавлах хэвлэл
245 04 - ҮНДСЭН ГАРЧИГ
Номын нэр The Management of library and information studies education
Оролцогчдын тухай мэдээ Herman L. Totten, editor.
260 ## - ГАРАЛТЫН МЭДЭЭ
Хэвлэгдсэн газар New York :
Хэвлэлийн газар Haworth Press
Хэвлэгдсэн он 1992.
300 ## - МАТЕРИАЛЫН ТОДОРХОЙЛОЛТ
хуудасны тоо 220 p. :
Бусад тоон мэдээлэл ill. ;
Хэмжээ 23 cm.
500 ## - Тайлбар
Дансны дугаар БС 4819
546 ## - ХЭЛНИЙ ТУХАЙ МЭДЭЭ
Хэл Англи хэл дээр,
653 ## - Түлхүүр үг
Түлхүүр үг library schools
653 ## - Түлхүүр үг
Түлхүүр үг administration.
653 ## - Түлхүүр үг
Түлхүүр үг information scienc
653 ## - Түлхүүр үг
Түлхүүр үг study and teaching
653 ## - Түлхүүр үг
Түлхүүр үг management
700 1# - ХАМ ЗОХИОГЧИД
Ба бус Totten, Herman L.
740 ## - НОМЫН ГАРЧИГ
Гарчиг The management of the standards
740 ## - НОМЫН ГАРЧИГ
Гарчиг Managing missions, program goals and objectives
740 ## - НОМЫН ГАРЧИГ
Гарчиг Management of the curriculum
740 ## - НОМЫН ГАРЧИГ
Гарчиг Management of the faculty
942 ## - ЭЛЕМЕНТИЙН ТӨРӨЛ
Зүйлийн төрөл Ном